Časovo-priestorové aspekty transformačných procesov v Českej republike a v Slovenskej republike editori: Vladimír Ira, Antonín Vaishar

Bibliographic Details
Other Authors: Ira, Vladimír, 1952- (Editor), Vaishar, Antonín, 1952- (Editor)
Format: Book
Language:Slovak
Czech
Published: Bratislava Geografický ústav SAV 2004
Edition:1. vyd.
Subjects:

MARC

LEADER 00000cam a2200000 a 4500
001 vtls001481275
003 SK-MaSNL
005 20260301074012.0
008 220509s2004 xo odblfrn 10000 slo
015 |a SNBA2004/11-06348 
020 |a 8096836560  |q (brožované) 
035 |a SNK000436573 
035 |a urn:nbn:sk:snk-am3j34s 
035 |a 0C385EEF-8753-46E1-8193-173A2D2FD0CE 
035 |a urn:nbn:sk:snk-am00gjup 
040 |a SNK  |b slo  |c SNK  |e AACR2 
041 0 |a slo  |a cze  |b eng 
043 |a e-xr---  |a e-xo--- 
044 |a xo  |c SK 
072 7 |a 316.4  |x Sociálne procesy  |2 konspekt 
080 |a 364-786  |2 2011 
080 |a 339.92  |2 2011 
080 |a 316.42  |2 2011 
080 |a (437.3)  |2 2011 
080 |a (437.6)  |2 2011 
080 |a (062.534)  |2 2011 
080 |a 32:316.42  |2 2011 
080 |a 332.055.2  |2 2011 
245 0 0 |a Časovo-priestorové aspekty transformačných procesov v Českej republike a v Slovenskej republike  |b editori: Vladimír Ira, Antonín Vaishar 
246 1 1 |a Time-space aspects of transformation processes in the Czech republic and in the Slovak republic 
250 |a 1. vyd. 
260 |a Bratislava  |b Geografický ústav SAV  |c 2004 
300 |a 108 strán  |b fotografie, grafy, mapy, schémy, tabuľky  |c 29 cm 
500 |a Súbežný názov v angličtine 
504 |a Obsahuje bibliografické odkazy 
546 |a Anglické resumé. Čiastočný text v češtine 
650 0 7 |a sociálna integrácia  |2 SNKPH  |9 60109 
650 0 7 |a ekonomická integrácia  |2 SNKPH  |9 2139 
650 0 7 |a spoločenská transformácia  |2 SNKPH  |9 1584 
650 0 7 |a politická transformácia  |2 SNKPH  |9 1585 
650 0 7 |a regionálny rozvoj  |2 SNKPH  |9 2352 
651 7 |a Česko  |2 SNKPHgeo  |9 16753 
651 7 |a Slovensko  |2 SNKPHgeo 
655 7 |a zborníky konferencií  |2 SNKPH  |9 70153 
700 1 |a Ira, Vladimír,  |d 1952-  |4 edt  |9 105864 
700 1 |a Vaishar, Antonín,  |d 1952-  |4 edt  |9 395943 
919 |a 80-968365-6-0 
958 |a NB 
958 |a OND 
958 |a ART 
999 |c 645921  |d 647851 
952 |t P60, <03>, [BOOK], {603}, -K-  |a SNK  |b SNK  |y PREZ  |7 0  |p 17A0442550  |o snkSB 69149  |i snkKSP 11675/2004  |0 0  |1 0  |4 0  |d 2004-09-07  |l 0  |r 2025-04-23 00:00:00  |w 2026-02-23 
952 |t P60, <04>, [BOOK], {604}  |a SNK  |b SNK  |y VYP  |7 0  |p 17A0442551  |o snkSB 69149 D1  |i snkKSP 11676/2004  |0 0  |1 0  |4 0  |d 2004-09-07  |l 0  |r 2005-01-02 00:00:00  |w 2026-02-23